Valuation of rural property (Record no. 116302)

MARC details
000 -LEADER
fixed length control field 01413cad a22002655a 4500
001 - CONTROL NUMBER
control field L160259
008 - FIXED-LENGTH DATA ELEMENTS--GENERAL INFORMATION
fixed length control field 190710s2019 xxk f 000 0 eng d
020 ## - INTERNATIONAL STANDARD BOOK NUMBER
International Standard Book Number 9781842196984
035 ## - SYSTEM CONTROL NUMBER
System control number (Sirsi) u160259
041 0# - LANGUAGE CODE
Language code of text/sound track or separate title eng
110 2# - MAIN ENTRY--CORPORATE NAME
Corporate name or jurisdiction name as entry element Royal Institution of Chartered Surveyors
9 (RLIN) 4900
245 00 - TITLE STATEMENT
Title Valuation of rural property
Medium [electronic resource]
250 ## - EDITION STATEMENT
Edition statement 3rd ed
260 ## - PUBLICATION, DISTRIBUTION, ETC.
Place of publication, distribution, etc. London
Name of publisher, distributor, etc. RICS
Date of publication, distribution, etc. 2019
490 #0 - SERIES STATEMENT
Series statement RICS Professional Standards and Guidance UK
520 ## - SUMMARY, ETC.
Summary, etc. This guidance is primarily intended to remind registered valuers of matters that should be considered when completing a valuation of rural property. It may also be of use to clients such as farmers, landowners, estates, lenders and other institutional clients, developers and investors to provide an understanding the work and role of the rural property valuer and assist in arriving at properly agreed instructions.
520 ## - SUMMARY, ETC.
Summary, etc. Supersedes 2 ed 9781842196984
520 ## - SUMMARY, ETC.
Summary, etc. This document was originally published in July 2019 as an RICS guidance note and reissued in October 2022 as an RICS professional standard
650 24 - SUBJECT ADDED ENTRY--TOPICAL TERM
Topical term or geographic name entry element RURAL PROPERTY
651 #4 - SUBJECT ADDED ENTRY--GEOGRAPHIC NAME
Geographic name United Kingdom
690 ## - LOCAL SUBJECT ADDED ENTRY--TOPICAL TERM (OCLC, RLIN)
Topical term or geographic name as entry element Valuation
9 (RLIN) 6273
690 ## - LOCAL SUBJECT ADDED ENTRY--TOPICAL TERM (OCLC, RLIN)
Topical term or geographic name as entry element Rural
9 (RLIN) 6268
856 41 - ELECTRONIC LOCATION AND ACCESS
Uniform Resource Identifier <a href="https://www.rics.org/profession-standards/rics-standards-and-guidance/sector-standards/valuation-standards/valuation-of-rural-property">https://www.rics.org/profession-standards/rics-standards-and-guidance/sector-standards/valuation-standards/valuation-of-rural-property</a>
Public note Available on RICS.org
942 ## - ADDED ENTRY ELEMENTS (KOHA)
Suppress in OPAC 0
Source of classification or shelving scheme Dewey Decimal Classification
Holdings
Withdrawn status Lost status Source of classification or shelving scheme Damaged status Not for loan Home library Current library Shelving location Date acquired Total Checkouts Full call number Barcode Date last seen Copy number Price effective from Koha item type
    Dewey Decimal Classification     Archives Archives RICS Boxes 08/11/2023   RICS 2019/17   08/11/2023   08/11/2023 Reference material
    Dewey Decimal Classification     Virtual Virtual Online 10/07/2019   ONLINE PUBLICATION 160259-2001 23/03/2023 1 06/08/2019 Book